LEADER 02518nam 2200673Ia 450 001 9910450593503321 005 20200520144314.0 010 $a1-282-46404-3 010 $a9786612464041 010 $a1-55092-303-X 035 $a(CKB)1000000000031681 035 $a(EBL)256395 035 $a(OCoLC)180772826 035 $a(SSID)ssj0000278894 035 $a(PQKBManifestationID)11912362 035 $a(PQKBTitleCode)TC0000278894 035 $a(PQKBWorkID)10260623 035 $a(PQKB)11791404 035 $a(MiAaPQ)EBC256395 035 $a(CaPaEBR)404457 035 $a(CaBNvSL)gtp00521091 035 $a(MiAaPQ)EBC3242601 035 $a(Au-PeEL)EBL256395 035 $a(CaPaEBR)ebr10089797 035 $a(CaONFJC)MIL246404 035 $a(OCoLC)935904576 035 $a(EXLCZ)991000000000031681 100 $a20041004d2004 uy 0 101 0 $aeng 135 $aur|n|---||||| 181 $ctxt 182 $cc 183 $acr 200 10$aEarthbag building$b[electronic resource] $ethe tools, tricks and techniques /$fKaki Hunter and Donald Kiffmeyer 210 $aGabriola Island, BC $cNew Society Publishers$dc2004 215 $a1 online resource (281 p.) 225 1 $aNatural Building Series 300 $a"A Mother earth news book for wiser living." 311 $a0-86571-507-6 320 $aIncludes bibliographical references and index. 327 $acover; Advance Praise; Title Page; Publication Data; Mother Earth News; Contents; Acknowledgments; Foreword; Introduction to Earthbag Building; Chapter 1; Chapter 2; Chapter 3; Chapter 4; Chapter 5; Chapter 6; Chapter 7; Chapter 8; Chapter 9; Chapter 10; Colour photographs; Chapter 11; Chapter 12; Chapter 13; Chapter 14; Chapter 15; Chapter 16; Chapter 17; Chapter 18; Appendix A; Appendix B; Appendix C; Appendix D; Resource Guide; Index; About the Authors; Ecoaudit 330 $aThe only comprehensive, illustrated, step-by-step guide to building with earthbags. 606 $aEarth construction 606 $aEarth houses$xDesign and construction 606 $aPis?e 608 $aElectronic books. 615 0$aEarth construction. 615 0$aEarth houses$xDesign and construction. 615 0$aPis?e. 676 $a693/.22 700 $aHunter$b Kaki$0951930 701 $aKiffmeyer$b Donald$0951931 801 0$bMiAaPQ 801 1$bMiAaPQ 801 2$bMiAaPQ 906 $aBOOK 912 $a9910450593503321 996 $aEarthbag building$92151864 997 $aUNINA LEADER 03781nam 2200625 450 001 9910796666503321 005 20230809230436.0 010 $a3-11-043714-7 010 $a3-11-044578-6 024 7 $a10.1515/9783110445787 035 $a(CKB)3850000000001002 035 $a(MiAaPQ)EBC4855885 035 $a(DE-B1597)457067 035 $a(OCoLC)987091787 035 $a(OCoLC)989821730 035 $a(DE-B1597)9783110445787 035 $a(Au-PeEL)EBL4855885 035 $a(CaPaEBR)ebr11382548 035 $a(EXLCZ)993850000000001002 100 $a20170525h20172017 uy 0 101 0 $ager 135 $aurcnu|||||||| 181 $2rdacontent 182 $2rdamedia 183 $2rdacarrier 200 10$aGrundlegung einer Librettologie $eMusik- und Lesetext am Beispiel der "Alceste"-Opern vom Barock bis zu C.M. Wieland /$fTina Hartmann 210 1$aBerlin, [Germany] ;$aBoston, [Massachusetts] :$cDe Gruyter,$d2017. 210 4$d©2017 215 $a1 online resource (654 pages) 225 1 $aQuellen und Forschungen zur Literatur- und Kulturgeschichte,$x0946-9419 ;$v86 (320) 311 $a3-11-044119-5 320 $aIncludes bibliographical references and index. 327 $tFrontmatter -- $tDanksagung -- $tInhaltsverzeichnis -- $tEinleitung -- $t1. Librettologie - Entwurf einer Methodik -- $t2. Oper - Operntext - Lesetext -- $t3. Alceste 1660-1719 -- $t4. Die Königin kehrt zurück - Christoph Martin Wieland und Anton Schweitzer Alceste (1773/1775) -- $t5. Das Libretto als Geschichts-Gedicht - Alceste zwischen linearem und zyklischem Geschichtsbild -- $t6. Epilog - Opern-Libretto, Leselibretto und Roman -- $t7. Glossar - Wielands Kontakte zu Oper und Musiktheorie bis ca. 1777 -- $t8. Literaturverzeichnis -- $t9. Abbildungsverzeichnis -- $t10. Register der Namen und Werke 330 $aDas Libretto ist die vielleicht letzte terra incognita der Literaturwissenschaft. Doch einmal vom Status einer randständigen Gattung entkleidet, offenbart es seine ästhetischen Qualitäten, intertextuellen Bezüge und weitreichende Bedeutung innerhalb der deutschen und europäischen Literatur und ihrer Debatten. Die ,Librettologie' präsentiert das Libretto als eigenständiges Kunstwerk und verdeutlicht zugleich seine Ausrichtung auf die transmediale Gattung Oper. Als Musik- und Lesetext schließt der ,Alceste'-Stoff mit sieben deutschen, französischen und italienischen Libretto-Bearbeitungen (u. a. von v. König, Quinault, Calzabigi/du Roullet) die großen Barockromane ,Aramena', ,Römische Octavia' und ,Asiatische Banise' mit der französischen ,Querelle' zusammen und leitet mit seinen Vertonungen (u. a. durch Schürmann, Lully, Gluck) hin auf eine ausführliche Analyse von C. M. Wieland und Anton Schweitzers ,Alceste', in der sich die Tendenzen des 17. und 18. Jahrhunderts exemplarisch bündeln lassen.Die Studie liefert eine ausführliche historische wie methodische Einführung, die sie als Einstieg für den musikologisch nicht vorgebildeten Leser nutzbar macht und zugleich an den aktuellen Stand der Forschung anschließt. 410 0$aQuellen und Forschungen zur Literatur- und Kulturgeschichte ;$v86 (320) 606 $aLibretto 606 $aMusic and literature 606 $aOpera$xDramaturgy 610 $aC. M. Wieland. 610 $aLibrettology. 610 $abaroque novel. 610 $abaroque opera. 615 0$aLibretto. 615 0$aMusic and literature. 615 0$aOpera$xDramaturgy. 676 $a782.1/0268 686 $aGH 1862$2rvk 700 $aHartmann$b Tina$01499326 801 0$bMiAaPQ 801 1$bMiAaPQ 801 2$bMiAaPQ 906 $aBOOK 912 $a9910796666503321 996 $aGrundlegung einer Librettologie$93725277 997 $aUNINA